000
00390nam a2200145Ia 4500
008
100122s9999 xx 000 0 und d
082
_b
17336
_a
823
100
_a
वर्तक चंद्रकांत
245
_a
अंकुर
260
_b
श्री प्रकाशन
_c
1971
300
_a
97
630
_a
अंकुर
730
_a
अंकुर
942
_c
BOOK
999
_c
407093
_d
407090